000 00555nam a2200181Ia 4500
005 20250923145131.0
008 008 250917s9999 xx 000 0 eng d
037 _aTextual
040 _aDSWL
_beng
_cDSWL
041 _aeng
_2eng
084 _aYX;5-B:8.4851, N68
_qDSWL
245 0 _aOrganization and Administration of social welfare programmes
_cby United Nations
260 _aNew York
_b United Nations
_c1968
365 _aUSD
_b0.75
925 _g0.75
942 _cTEXL
_hYX;5-B:8.4851, N68
999 _c1447560
_d1447560